Organická chémia učebnica pre 3. a 4. triedu gymnázií

Podrobná bibliografia
Hlavný autor: Šorm, František, 1913-1980 (Autor)
Ďalší autori: Dillingerová, Gabriela, 1909- (Prekladateľ)
Médium: Kniha
Jazyk:slovenčina
čeština
Fyzický popis:179, [4] s. [64] obr. príl. V. 8°
Vydavateľské údaje: Bratislava Slovenské pedagogické nakladateľstvo 1953
Vydanie:(2. dopl. oprav. vyd.)
Predmet:

MARC

LEADER 00000nam a2200000 a 4500
001 vtls008401061
003 SK-MaSNL
005 20260302074753.0
008 181109s1953 xo slo
015 |a SKSNBA19451955-012164 
035 |a SK01SNKBKSFS20020093278 
035 |a SKM000095741 
040 |a SNK  |b slo  |c SNK  |e AACR2 
041 1 |a slo  |h cze 
044 |a xo  |a SK 
080 |a 373(075)  |2 1981 
080 |a 547(075)  |2 1981 
100 1 |a Šorm, František,  |d 1913-1980  |4 aut  |9 398797 
245 1 0 |a Organická chémia  |b učebnica pre 3. a 4. triedu gymnázií  |c (autor: František Šorm) ; (z čes. orig. prel. G. Dillingerová) 
250 |a (2. dopl. oprav. vyd.) 
260 |a Bratislava  |b Slovenské pedagogické nakladateľstvo  |c 1953  |e Bratislava  |f Pravda 
300 |a 179, [4] s.  |b [64] obr. príl.  |c V. 8° 
500 |a Ilustrované 
504 |a Register 
563 |a 4.000 výtlač. 
650 0 7 |a chémia organická  |x učebnice stredných škôl  |2 SNK  |9 590524 
655 7 |a učebnice  |2 SNKPH  |9 22521 
700 1 |a Dillingerová, Gabriela,  |d 1909-  |4 trl  |9 218668 
852 |a Slovenská národná knižnica v Martine  |b 10000  |h MS SD 8303 
958 |a OND 
958 |a RK 
958 |a TL 
999 |c 1166422  |d 1168352 
952 |a SNK  |b SNK  |y VYP  |7 0  |p 17A1149207  |o snkSD 8303 D1  |i snkF 7045/63  |8 5  |0 0  |1 0  |4 0  |d 2016-01-14  |l 0  |r 2026-02-24 20:49:43  |w 2026-02-24 
952 |a SNK  |b SNK  |y VYP  |7 0  |p 17A1149211  |o snkSD 8303 D2  |i snkF 2551/74  |8 5  |0 0  |1 0  |4 0  |d 2016-01-14  |l 0  |r 2026-02-24 20:49:43  |w 2026-02-24